[Event "32nd Open"]
[Site "Sitges ESP"]
[Date "2006.07.29"]
[Round "9"]
[White "Moskalenko,V"]
[Black "Barsov,A"]
[Result "1-0"]
[WhiteElo "2543"]
[BlackElo "2546"]

1.d4 Nf6 2.c4 e6 3.Nc3 Bb4 4.f3 Nc6 5.e4 d5 6.e5 Ng8 7.a3 Bxc3+ 8.bxc3 dxc4
9.Qa4 f6 10.exf6 Nxf6 11.Bxc4 O-O 12.Ne2 Kh8 13.O-O e5 14.Rd1 e4 15.fxe4 Nxe4
16.Qc2 Nf2 17.Rf1 Bf5 18.Qa2 Ne4 19.Bd5 Qd7 20.Bf4 Nf6 21.Bf3 Be6 22.Qd2 Nd5
23.Rae1 Bg4 24.Bxd5 Qxd5 25.Bxc7 Rxf1+ 26.Rxf1 Qc4 27.Ng3 Nxd4 28.Qf4 Ne2+  1-0

[Event "Match"]
[Site "Dortmund GER"]
[Date "2006.07.30"]
[Round "2"]
[White "Krush,I"]
[Black "Paehtz,E"]
[Result "1/2-1/2"]
[WhiteElo "2436"]
[BlackElo "2456"]

1.d4 Nf6 2.c4 e6 3.Nc3 Bb4 4.f3 c5 5.d5 b5 6.e4 bxc4 7.Bxc4 Nxd5 8.Bxd5 exd5
9.Qxd5 Nc6 10.Ne2 Ba6 11.Kf2 O-O 12.Rd1 Re8 13.Bf4 Bxc3 14.bxc3 Qf6 15.Bd6 Rac8
16.Bxc5 Re5 17.Qd6 Rxe4 18.Nd4 Qxd6  1/2-1/2

[Event "VIII Open"]
[Site "Sants ESP"]
[Date "2006.08.02"]
[Round "9"]
[White "Moskalenko,V"]
[Black "Lapshun,Y"]
[Result "1-0"]
[WhiteElo "2543"]
[BlackElo "2452"]

1.d4 Nf6 2.c4 e6 3.Nc3 Bb4 4.f3 d5 5.a3 Bxc3+ 6.bxc3 c5 7.cxd5 Nxd5 8.dxc5 Qa5
9.e4 Nf6 10.Be3 O-O 11.Qb3 Nfd7 12.Bb5 Qc7 13.Qb4 Ne5 14.Rd1 Bd7 15.Ne2 Bxb5
16.Qxb5 Nbd7 17.O-O Rfc8 18.Kh1 a6 19.Qb4 Nxc5 20.Bxc5 a5 21.Qb5  1-0

[Event "ch-Euro Senior"]
[Site "Davos SUI"]
[Date "2006.08.06"]
[Round "2"]
[White "Cebalo,M"]
[Black "Strauss,A"]
[Result "1-0"]
[WhiteElo "2505"]
[BlackElo "2191"]

1.d4 Nf6 2.c4 e6 3.Nc3 Bb4 4.f3 d5 5.a3 Be7 6.e4 dxe4 7.fxe4 e5 8.d5 O-O
9.Nf3 Bg4 10.Be3 Nbd7 11.Bd3 Nh5 12.O-O Nf4 13.Qd2 Nxd3 14.Qxd3 a5 15.h3 Bh5
16.Rab1 Bg6 17.Nd2 Nc5 18.Qc2 a4 19.b4 axb3 20.Nxb3 Nxb3 21.Rxb3 b6 22.Nb5 Qd7
23.c5 bxc5 24.Qc4 h6 25.Bxc5 c6 26.Bxe7 cxb5 27.Qb4 Rfc8 28.d6 Rc2 29.Rg3 Kh7
30.Qb3 Rc4 31.Kh2 Rac8 32.Qf3 Qc6 33.Rd1 Qd7 34.Qg4 Qxg4 35.hxg4  1-0

[Event "Open"]
[Site "Genova ITA"]
[Date "2006.08.07"]
[Round "1"]
[White "De Santis,A"]
[Black "Di Lascio,S"]
[Result "1-0"]
[WhiteElo "2337"]
[BlackElo "2048"]

1.d4 Nf6 2.c4 e6 3.Nc3 Bb4 4.f3 d5 5.a3 Bxc3+ 6.bxc3 O-O 7.cxd5 exd5 8.e3 Bf5
9.Ne2 Nc6 10.g4 Bd7 11.Nf4 g5 12.Ng2 Ne7 13.h4 gxh4 14.Rxh4 Ng6 15.Rh1 c5
16.Bd3 Qc7 17.Kf2 Ne8 18.Rh5 Ng7 19.Rxd5 f5 20.gxf5 Bxf5 21.Bxf5 Nxf5 22.f4 cxd4
23.cxd4 Rac8 24.Rc5 Qg7 25.Qb3+ Kh8 26.Bb2 Qe7 27.d5+ Ng7 28.d6 Qd7 29.Rac1 Rxc5
30.Rxc5 Qxd6 31.Qc3 Rf7 32.Rc8+ Nf8 33.Nh4 Qd7 34.Qxg7+  1-0

[Event "HZ Open"]
[Site "Vlissingen NED"]
[Date "2006.08.10"]
[Round "7"]
[White "Henrichs,T"]
[Black "Van Riemsdijk,H"]
[Result "1-0"]
[WhiteElo "2491"]
[BlackElo "2376"]

1.d4 Nf6 2.c4 e6 3.Nc3 Bb4 4.f3 d5 5.a3 Bxc3+ 6.bxc3 O-O 7.cxd5 exd5 8.e3 c5
9.Bd3 b6 10.Ne2 Ba6 11.O-O Re8 12.Ng3 Bxd3 13.Qxd3 Nc6 14.Bb2 Rc8 15.Rae1 Rc7
16.e4 dxe4 17.fxe4 Ne5 18.Qd1 Rd7 19.Nf5 Ng6 20.Qf3 Rf8 21.d5 c4 22.a4 Re8
23.Bc1 Ne5 24.Qg3 Nh5 25.Qh3 g6 26.Nh6+ Kh8 27.Be3 Ng7 28.Bd4 f6 29.Re2 Ree7
30.Rxf6  1-0

[Event "Empresa A"]
[Site "Montreal CAN"]
[Date "2006.08.11"]
[Round "4"]
[White "Miton,K"]
[Black "Charbonneau,P"]
[Result "1-0"]
[WhiteElo "2638"]
[BlackElo "2501"]

1.d4 Nf6 2.c4 e6 3.Nc3 Bb4 4.f3 c5 5.d5 O-O 6.e4 d6 7.Ne2 b5 8.Nf4 e5 9.Ne2 Nh5
10.g4 Qh4+ 11.Kd2 Nf4 12.Nxf4 exf4 13.Kc2 Bxc3 14.bxc3 b4 15.Bxf4 Bd7 16.Qd2 Ba4+
17.Kd3 bxc3 18.Qe3 Qe7 19.Ke2 c2 20.Kf2 Nd7 21.Be2 Ne5 22.Qa3 Bd7 23.Qc3 h5
24.h3 Qf6 25.Qd2 hxg4 26.hxg4 Nxg4+ 27.fxg4 g5 28.Rh5 gxf4 29.Rah1 Rfb8 30.e5 dxe5
31.Qxc2 Kf8 32.Rh6 Qg7 33.d6  1-0

[Event "Open"]
[Site "Genova ITA"]
[Date "2006.08.12"]
[Round "6"]
[White "De Santis,A"]
[Black "Barsov,A"]
[Result "1/2-1/2"]
[WhiteElo "2337"]
[BlackElo "2546"]

1.d4 Nf6 2.c4 e6 3.Nc3 Bb4 4.f3 Nc6 5.e4 d5 6.cxd5 exd5 7.e5 Ng8 8.f4 Nh6
9.Nf3 Bg4 10.Be2 Nf5 11.O-O Ba5 12.Ng5 Bxe2 13.Nxe2 Bb6 14.Nf3 h5 15.Qd3 Qd7
16.a3 a5 17.Bd2 a4 18.Rae1 Kd8 19.Bc3 h4 20.Rf2 Kc8 21.g4 hxg3 22.hxg3 Kb8
23.Rg2 Ka7 24.Kf2 f6 25.Rf1 Na5 26.Bxa5 Bxa5 27.Nc3 Nh6 28.Qb5 Qh3 29.Rfg1 Bxc3
30.bxc3 Qf5 31.Qb1 Ng4+ 32.Ke2 Qh5 33.Qb5 Kb8 34.Rb1 Ra7 35.Qxd5 Qf5 36.Nd2 fxe5
37.fxe5 Nf6 38.Qf3 Qe6 39.Rf2 c6 40.Kd3 Ng4 41.Re2 b5 42.Re4 Nh6 43.Rf4 Rd8
44.Rf8 Rd7 45.Rxd8+ Rxd8 46.Kc2 Nf5 47.Qd3 Rh8 48.g4 Ne7 49.c4 Rd8 50.Ne4 Qxg4
51.Nd6 Qg2+ 52.Kc3 Rf8 53.Rb2 Qh1 54.Rb1 Qg2 55.Rb2 Qh1 56.Rb1 Qg2  1/2-1/2

[Event "2nd Lluis Muratet Rapid"]
[Site "Banyoles ESP"]
[Date "2006.08.16"]
[Round "8"]
[White "Moskalenko,V"]
[Black "Korchnoi,V"]
[Result "1/2-1/2"]
[WhiteElo "2543"]
[BlackElo "2600"]

1.d4 Nf6 2.c4 e6 3.Nc3 Bb4 4.f3 c5 5.d5 exd5 6.cxd5 d6 7.e4 O-O 8.Bd3 b5
9.Ne2 c4 10.Bc2 Qb6 11.a4 Nbd7 12.axb5 Ne5 13.Nd4 Nd3+ 14.Bxd3 Qxd4 15.Bc2 Qb6
16.Ke2 Bxc3 17.bxc3 Bd7 18.Be3 Qxb5 19.Qd4 a5 20.Rhb1 Qa6 21.Rb6 Qc8 22.Rxd6 Ne8
23.Rb6 Nc7 24.Qc5 a4 25.d6 Ne6 26.Qxc8 Rfxc8 27.Kd2 f6 28.f4 Rc6 29.Rxc6 Bxc6
30.g3 Kf7 31.e5 fxe5 32.fxe5 g6 33.h4 Nf8 34.Bb1 Nd7 35.Bd4 Ke6 36.Ba2 Bd5
37.Rb1 a3 38.Rb4 Nxe5 39.Bxe5 Kxe5 40.Rb6 Be6 41.Ke3 Rd8 42.Ra6 Rxd6 43.Ra5+ Rd5
44.Rxa3 Rd3+ 45.Kf2 Bd5 46.g4 Rf3+ 47.Ke1 Rh3 48.h5 gxh5 49.gxh5 Rxh5 50.Ra5 Rh1+
51.Kf2 Ra1 52.Ra4 Ke4 53.Ke2 h5  1/2-1/2

[Event "Open"]
[Site "Predeal ROM"]
[Date "2006.08.16"]
[Round "6"]
[White "Enache,D"]
[Black "Inkiov,V"]
[Result "0-1"]
[WhiteElo "2182"]
[BlackElo "2538"]

1.d4 Nf6 2.c4 e6 3.Nc3 Bb4 4.f3 c5 5.d5 b5 6.e4 bxc4 7.Bxc4 exd5 8.Bxd5 Nxd5
9.Qxd5 Nc6 10.Ne2 Ba6 11.Be3 O-O 12.Kf2 Rb8 13.Rab1 Ne7 14.Qd1 f5 15.a3 Bxc3
16.Nxc3 d6 17.Bg5 h6 18.Bxe7 Qxe7 19.Re1 f4 20.e5 dxe5 21.Qd5+ Kh8 22.Qxe5 Qxe5
23.Rxe5 Bd3 24.Rc1 Rxb2+ 25.Kg1 c4 26.Nd1 Ra2 27.Nf2 Rb8  0-1

[Event "9th Open"]
[Site "Banyoles ESP"]
[Date "2006.08.19"]
[Round "4"]
[White "Moskalenko,V"]
[Black "Cuadras Avellana,Jo"]
[Result "1-0"]
[WhiteElo "2543"]
[BlackElo "2363"]

1.d4 Nf6 2.c4 e6 3.Nc3 Bb4 4.f3 d5 5.a3 Bxc3+ 6.bxc3 c5 7.cxd5 Nxd5 8.dxc5 Qa5
9.e4 Ne7 10.Be3 O-O 11.Qb3 Nd7 12.Bb5 Qc7 13.Bxd7 Bxd7 14.Ne2 e5 15.Rb1 Rab8
16.O-O Nc6 17.Rfd1 Na5 18.Qb4 Be6 19.Bf2 Nc4 20.Nd4 exd4 21.cxd4 a5 22.Qc3 b5
23.cxb6 Qc8 24.d5 Rd8 25.dxe6 Rxd1+ 26.Rxd1 Qxe6 27.Rb1 h6 28.b7 Qa6 29.h3 f6
30.Qd3 Qe6  1-0

[Event "6th Open"]
[Site "Velika Gorica CRO"]
[Date "2006.08.19"]
[Round "1"]
[White "Franic,M"]
[Black "Lescan,M"]
[Result "1-0"]
[WhiteElo "2392"]
[BlackElo "1999"]

1.d4 Nf6 2.c4 e6 3.Nc3 Bb4 4.f3 d5 5.a3 Bxc3+ 6.bxc3 h6 7.e3 O-O 8.Bd3 b6
9.cxd5 exd5 10.Ne2 Bb7 11.O-O Nbd7 12.Ng3 Re8 13.Ra2 c5 14.Re2 c4 15.Bb1 h5
16.Qe1 g6 17.e4 h4 18.Nh1 dxe4 19.fxe4 Nh7 20.Nf2 Ndf8 21.Ng4 Kg7 22.Qf2 Qe7
23.d5 f6 24.Qxh4 f5 25.Qh6+ Kg8 26.Be3 fxg4 27.Bd4 Nf6 28.Rxf6 Qh7 29.Qxh7+ Kxh7
30.Rf7+  1-0

[Event "9th Open"]
[Site "Banyoles ESP"]
[Date "2006.08.21"]
[Round "6"]
[White "Moskalenko,V"]
[Black "Tiviakov,S"]
[Result "1/2-1/2"]
[WhiteElo "2543"]
[BlackElo "2668"]

1.d4 Nf6 2.c4 e6 3.Nc3 Bb4 4.f3 d5 5.a3 Bxc3+ 6.bxc3 c6 7.e3 O-O 8.Bd3 b6
9.Ne2 Ba6 10.cxd5 Bxd3 11.Qxd3 cxd5 12.c4 Nc6 13.cxd5 exd5 14.O-O Re8 15.Ng3 Rc8
16.Bd2  1/2-1/2

[Event "XXVI Open A"]
[Site "Bratto ITA"]
[Date "2006.08.23"]
[Round "5"]
[White "Cebalo,M"]
[Black "Komarov,D"]
[Result "1/2-1/2"]
[WhiteElo "2505"]
[BlackElo "2530"]

1.d4 e6 2.c4 Nf6 3.Nc3 Bb4 4.f3 O-O 5.a3 Bxc3+ 6.bxc3 Nh5 7.Nh3 f5 8.e3 d6
9.Nf2 Nc6 10.Bd3 e5 11.O-O Qh4 12.Qe1 Bd7 13.g3 Qe7 14.Qd1 Rae8 15.Ra2 Nf6
16.f4 e4 17.Be2 Qf7 18.a4 Na5 19.Ra1 Nxc4 20.d5 Na5 21.c4 b6 22.Bb2 Nb7 23.Kh1 Nc5
24.a5 Ra8 25.Rg1 c6 26.g4 Nd3 27.Nxd3 exd3 28.Qxd3 fxg4 29.axb6 axb6 30.Rxa8 Rxa8
31.Bxf6 Qxf6  1/2-1/2

[Event "VIII Open"]
[Site "Sants ESP"]
[Date "2006.08.25"]
[Round "1"]
[White "Alonso Rosell,A"]
[Black "Pruja Ramirez de Cartagena,M"]
[Result "1-0"]
[WhiteElo "2196"]
[BlackElo "1961"]

1.d4 Nf6 2.c4 e6 3.Nc3 Bb4 4.f3 d5 5.a3 Bxc3+ 6.bxc3 c6 7.e3 b6 8.Bd3 Ba6
9.cxd5 Bxd3 10.Qxd3 cxd5 11.Ne2 Nc6 12.O-O O-O 13.e4 Rc8 14.Bg5 h6 15.Bh4 Na5
16.e5 g5 17.Bg3 Nh5 18.f4 g4 19.f5 Nxg3 20.Qxg3 Qg5 21.Rf4 h5 22.h3 exf5
23.h4 Qg6 24.Raf1 Kh8 25.Rxf5 Nc4 26.Rg5  1-0

[Event "6th Open"]
[Site "Velika Gorica CRO"]
[Date "2006.08.26"]
[Round "9"]
[White "Franic,M"]
[Black "Frank,V"]
[Result "1/2-1/2"]
[WhiteElo "2392"]
[BlackElo "2254"]

1.d4 Nf6 2.c4 e6 3.Nc3 Bb4 4.f3 c5 5.d5 Bxc3+ 6.bxc3 e5 7.e4 d6 8.Bd3 Nbd7
9.Nh3 Nf8 10.Nf2 h6 11.g3 Ng6 12.Qc2 Bd7 13.Nd1 Qc7 14.Ne3 O-O-O 15.Bd2 Rde8
16.Kd1 Kb8 17.Kc1 Ka8 18.Kb2 Qb6+ 19.Kc1 Rhg8 20.a4 Qc7 21.Kb2 Ne7 22.Ka3 Qa5
23.Ra2 Nc8 24.Kb2 Nb6 25.Ka1 Re7 26.Rb1 Nc8 27.Qd1 Ne8 28.Qb3 b6 29.Qd1 g6
30.Qc2 h5 31.Ng2 f6 32.f4 Rf7 33.Rf1 Bh3 34.Rf2 Bxg2 35.Rxg2 g5 36.fxg5 fxg5
37.Kb2 g4 38.Ra1 Rgf8 39.Bh6 Rh8 40.Bg5 Rhf8 41.Rh1 Qa6 42.h3 Qb7 43.hxg4 hxg4
44.Rh4 Rg8 45.Bd2 Qd7 46.Be2 Kb7 47.Kb3 a6 48.Rgh2 Na7 49.Qb1 Nc7 50.Rh6 b5
51.Kc2 Ka8 52.axb5 axb5 53.Qa2 Rb8 54.Rg6 b4 55.Bxg4 Qd8 56.cxb4 cxb4 57.Kb3 Rb6
58.Bg5 Qf8 59.Be3 Ra6 60.Qd2 Qe8 61.Qxb4 Nxd5 62.cxd5 Rb7 63.Qxb7+ Kxb7 64.Rg7+ Ka8
65.Rhh7 Qa4+ 66.Kc3 Qa1+ 67.Kd3 Qb1+ 68.Ke2 Ra2+ 69.Bd2 Qxe4+ 70.Kf1 Qb1+
71.Ke2 Qe4+ 72.Kf1 Qb1+ 73.Ke2 Qe4+  1/2-1/2

[Event "VIII Open"]
[Site "Sants ESP"]
[Date "2006.08.31"]
[Round "7"]
[White "Mayo Casademont,M"]
[Black "Matnadze,A"]
[Result "1-0"]
[WhiteElo "2191"]
[BlackElo "2361"]

1.d4 Nf6 2.c4 e6 3.Nc3 Bb4 4.f3 d5 5.a3 Be7 6.e4 dxe4 7.fxe4 c5 8.d5 exd5
9.cxd5 Bd6 10.Bb5+ Nbd7 11.Nf3 O-O 12.O-O Ng4 13.h3 Nge5 14.Bf4 Qc7 15.Bxd7 Bxd7
16.Nxe5 Bxe5 17.d6 Bd4+ 18.Qxd4 cxd4 19.dxc7 dxc3 20.bxc3 Rfe8 21.Rfd1 Be6
22.Rd4 f6 23.Rad1 Kf7 24.a4 b6 25.c4 Rac8 26.Rc1 Re7 27.c5 Rd7 28.cxb6 axb6
29.Rb4 g5 30.Bh2 Ke7 31.Rxb6 Rd4 32.a5 Rxe4 33.a6 f5 34.a7 f4 35.Rb8 Ra4
36.Re1 Kd7 37.Rxc8 Kxc8 38.Rxe6 Kxc7 39.Re8  1-0

[Event "ch-EU"]
[Site "Liverpool ENG"]
[Date "2006.09.06"]
[Round "1"]
[White "Carleton,J"]
[Black "Sulskis,S"]
[Result "0-1"]
[WhiteElo "2294"]
[BlackElo "2514"]

1.d4 Nf6 2.c4 e6 3.Nc3 Bb4 4.f3 d5 5.a3 Bxc3+ 6.bxc3 c5 7.e3 Nc6 8.cxd5 Nxd5
9.Bd2 f5 10.Bd3 O-O 11.Ne2 Nb6 12.a4 Kh8 13.O-O Na5 14.e4 Bd7 15.Bf4 Bc6
16.Qb1 fxe4 17.fxe4 Bxa4 18.Rf3 e5 19.Bxe5 Rxf3 20.gxf3 Nb3 21.Ra2 Nd2 22.Rxd2 Qg5+
23.Ng3 Qxd2 24.Nf5 Rg8 25.dxc5 Nd7 26.Bd4 Nf6 27.Bc4 Nh5 28.Bxg8 Kxg8 29.Qf1 h6
30.Qc4+ Kh7 31.Be3 Qe1+ 32.Kg2 Bd1 33.Qf1 Qxf1+ 34.Kxf1 Bxf3 35.Nd6 Nf6 36.e5 Nd5
37.Bd4 Nc7 38.c6 Bxc6 39.Bxa7 g5 40.Kf2 Kg6 41.Bb6 Nd5 42.Bd4 Nf4 43.c4 h5
44.Kf1 g4 45.Be3 Ng2 46.Bf2 h4 47.e6 Kf6 48.e7 Kxe7 49.Nf5+ Kf6 50.Nxh4 Nf4
51.Bd4+ Ke6 52.Be3 Ke5 53.Kf2 Ke4 54.Ba7 Bd7 55.Ng2 Nh5 56.Ne3 Be6 57.Ke2 Nf6
58.Kd2 Nd7 59.Kc3 Ne5 60.Nf1 Bxc4 61.Nd2+ Kd5 62.Bb8 b5 63.Bxe5 Kxe5 64.Nxc4+ bxc4
65.Kxc4 Ke4  0-1

[Event "59th ch-RUS 1st League"]
[Site "Tomsk RUS"]
[Date "2006.09.08"]
[Round "6"]
[White "Volkov,S1"]
[Black "Lysyj,I"]
[Result "1/2-1/2"]
[WhiteElo "2628"]
[BlackElo "2547"]

1.d4 Nf6 2.c4 e6 3.Nc3 Bb4 4.f3 Nc6 5.a3 Bxc3+ 6.bxc3 b6 7.e4 Ba6 8.Bg5 h6
9.Bh4 Na5 10.e5 g5 11.Bf2 Nh5 12.h4 f5 13.c5 Bxf1 14.Kxf1 Qc8 15.Rb1 Qa6+
16.Qe2 Nc4 17.Rb4 Ne3+ 18.Ke1 Nxg2+ 19.Kd2 Qxe2+ 20.Nxe2 Kf7 21.c4 Ngf4 22.Nc3 Rag8
23.cxb6 axb6 24.hxg5 hxg5 25.Rbb1 g4 26.fxg4 Rxg4 27.Rh2 Ra8 28.a4 Ng7 29.Rg1 Rxg1
30.Bxg1 Ng6 31.Kc2 c6 32.Kb3 Kg8 33.Kb4 Ne8 34.c5 b5 35.axb5 cxb5 36.Nxb5 Nf4
37.Nc3 Nc7 38.c6 dxc6 39.Kc5 Ra3 40.Ne2 Nxe2 41.Rxe2 Kf7 42.Kd6 Nd5 43.Rb2 Rg3
44.Rb7+ Kg6 45.Rb1 Nc3 46.Ra1 Ne2 47.Bf2 Rg2 48.Rf1 Nf4 49.d5 Nxd5 50.Kxe6 f4
51.Bc5 Kg5 52.Kd6 Kf5 53.Kxc6 Ke6 54.Rh1 Ne3 55.Rh6+ Kxe5 56.Bd6+ Kf5 57.Bxf4 Kxf4
58.Rh1 Ke5 59.Rh8 Rc2+ 60.Kb5 Nf5 61.Kb4 Rc1 62.Rh2 Nd6 63.Rh8 Kd4 64.Rh4+ Ne4
65.Kb5 Kd5 66.Rh5+ Kd4 67.Rh4 Rc2 68.Kb6 Kd5  1/2-1/2

[Event "59th ch-RUS 1st League"]
[Site "Tomsk RUS"]
[Date "2006.09.09"]
[Round "7"]
[White "Arzhenkov,G"]
[Black "Karpov,Va"]
[Result "0-1"]
[WhiteElo "2371"]
[BlackElo "2411"]

1.d4 Nf6 2.c4 e6 3.Nc3 Bb4 4.f3 d5 5.a3 Bxc3+ 6.bxc3 c5 7.e3 O-O 8.cxd5 Nxd5
9.c4 Nb6 10.Bd3 Nc6 11.Ne2 cxd4 12.exd4 e5 13.d5 Na5 14.Qc2 Naxc4 15.Bxh7+ Kh8
16.Bd3 Qxd5 17.O-O Bd7 18.Be4 Qc5+ 19.Kh1 Qe7 20.Nc3 Be6 21.a4 a5 22.Qf2 f5
23.Bc2 Rac8 24.Rb1 Rc6 25.Nb5 Rd8 26.Bb3 Rd7 27.Re1 Qf6 28.h3 Rc8 29.Na3 Nxa3
30.Bxa3 Bxb3 31.Rxb3 Nc4 32.Rc1 Rc6 33.Bb2 Rd2 34.Bxe5 Qxe5 35.Qh4+ Rh6 36.f4 Qd5
37.Qg5 Rd1+  0-1

[Event "I Open"]
[Site "Vitoria BRA"]
[Date "2006.09.10"]
[Round "7"]
[White "Teixeira,Ri"]
[Black "Cortez,M"]
[Result "1-0"]
[WhiteElo "2398"]
[BlackElo "2067"]

1.d4 Nf6 2.c4 e6 3.Nc3 Bb4 4.f3 Bxc3+ 5.bxc3 d6 6.e4 Nbd7 7.Bd3 e5 8.Ne2 O-O
9.O-O Re8 10.Ng3 exd4 11.cxd4 c5 12.d5 Ne5 13.Be2 Bd7 14.f4 Ng6 15.Bd3 b5
16.cxb5 c4 17.Bc2 Qb6+ 18.Kh1 Bg4 19.Qd2 a6 20.bxa6 Rxa6 21.Qc3 Bd7 22.Bd2 Rea8
23.a3 Ba4 24.Rab1 Qc7 25.Bxa4 Rxa4 26.Bc1 Re8 27.Bb2 h5 28.Qc2 Nxe4 29.Qxa4  1-0

[Event "XVI WSen"]
[Site "Arvier ITA"]
[Date "2006.09.15"]
[Round "5"]
[White "Cebalo,M"]
[Black "Zakharov,AI"]
[Result "1-0"]
[WhiteElo "2505"]
[BlackElo "2395"]

1.d4 Nf6 2.c4 e6 3.Nc3 Bb4 4.f3 O-O 5.a3 Bxc3+ 6.bxc3 c5 7.e4 d6 8.Bd3 Nc6
9.Ne2 e5 10.d5 Ne7 11.O-O Ng6 12.Be3 Bd7 13.Qd2 Rb8 14.a4 b6 15.Ng3 Ne8 16.Bc2 Ne7
17.Rae1 f6 18.h3 Qc8 19.Kh2 g5 20.h4 gxh4 21.Nh5 Ng6 22.f4 Bg4 23.Bd1 exf4
24.Bxf4 Ne5 25.Bxe5 dxe5 26.d6 Rb7 27.Bxg4 Qxg4 28.Qd5+ Rbf7 29.Rf5 Kh8 30.d7 Rg8
31.Rg1 Rxd7 32.Qxd7 Ng7 33.Qf7 Qg6 34.Qxf6  1-0

[Event "EU-chB18"]
[Site "Herceg Novi MNE"]
[Date "2006.09.16"]
[Round "6"]
[White "Moranda,W"]
[Black "Jojua,D"]
[Result "1/2-1/2"]
[WhiteElo "2446"]
[BlackElo "2371"]

1.d4 Nf6 2.c4 e6 3.Nc3 Bb4 4.f3 d5 5.a3 Bxc3+ 6.bxc3 c5 7.cxd5 Nxd5 8.dxc5 f5
9.Qc2 O-O 10.e4 fxe4 11.fxe4 Nf4 12.Be3 Qc7 13.Qd2 Nd7 14.Qd6 Qa5 15.Rc1 e5
16.Nh3 Rf6 17.Qd2 Nf8 18.Nxf4 exf4 19.Bd4 Rf7 20.Be2 Be6 21.O-O Ng6 22.Kh1 Rd8
23.Bh5 Qxa3 24.Ra1 Qxc5 25.Bxc5 Rxd2 26.Rxa7 Rd8 27.Rb1 Rc8 28.Bd4 Rcc7 29.Rb6 Rfe7
30.Kg1 Bf7 31.Kf2 Nf8 32.Bf3 Ne6 33.Be5 Rc8 34.Rbxb7 Rxb7 35.Rxb7 Nc5 36.Rb8 Rxb8
37.Bxb8 Bg6 38.Bxf4 Nxe4+ 39.Ke3 Nxc3 40.Kd4 Nb5+ 41.Kc4 Na7 42.Bb7 Bf5 43.Bd5+ Kf8
44.Bd6+ Ke8 45.Bc5 Nc8 46.Kd4 Ne7 47.Bb3 Nc6+ 48.Kd5 Nd8 49.Ke5 Bd7 50.h4 Nf7+
51.Kf4  1/2-1/2

[Event "XVI WSen"]
[Site "Arvier ITA"]
[Date "2006.09.20"]
[Round "9"]
[White "Cebalo,M"]
[Black "Tatai,S"]
[Result "1/2-1/2"]
[WhiteElo "2505"]
[BlackElo "2361"]

1.d4 Nf6 2.c4 e6 3.Nc3 Bb4 4.f3 d5 5.a3 Bxc3+ 6.bxc3 c5 7.cxd5 Nxd5 8.dxc5 f5
9.Nh3 O-O 10.c4 Qh4+ 11.Nf2 Ne7 12.e3 Nbc6 13.Bb2 Rd8 14.Qc2 e5 15.g3 Qh5
16.f4 Qf7 17.Be2 Be6 18.O-O Ng6 19.Qc3 Rd7 20.Rac1 Rad8 21.Nd3 e4 22.Nb4 Qe7
23.Nxc6 bxc6 24.Rfd1 Qxc5 25.Rxd7 Rxd7 26.Rd1 Rb7 27.Rd8+ Nf8 28.Kf2 Qe7
29.Ra8 h6 30.h4 Kh7 31.h5 Nd7 32.Re8 Qf7 33.Rxe6 Rxb2 34.Rxh6+ Kxh6 35.Qxb2 Nf6
36.Qb8 Kh7 37.Qc8 Qd7 38.Qxd7 Nxd7 39.g4 c5 40.g5 g6 41.hxg6+ Kxg6 42.Ke1 a5
43.Kd2 Nb6 44.Kc3 Nd7 45.Kb3 Nb6 46.Bd1 a4+ 47.Kc3 Kg7 48.Bxa4 Nxa4+ 49.Kb3 Nb6
50.a4 Na8 51.a5 Nc7 52.Ka4 Kg6  1/2-1/2

[Event "Monarch Assurance Isle of Man"]
[Site "Port Erin IOM"]
[Date "2006.09.23"]
[Round "1"]
[White "Palliser,R"]
[Black "Nicholson,Jo"]
[Result "1-0"]
[WhiteElo "2413"]
[BlackElo "1945"]

1.d4 Nf6 2.c4 e6 3.Nc3 Bb4 4.f3 c5 5.d5 exd5 6.cxd5 d6 7.e4 O-O 8.Ne2 Re8
9.Ng3 Nbd7 10.Be2 a6 11.O-O b5 12.a4 bxa4 13.Nxa4 Ne5 14.Bg5 h6 15.Bxf6 Qxf6
16.Nb6 Rb8 17.Nxc8 Rexc8 18.Nh5 Qe7 19.f4 Nd7 20.Bxa6 Rc7 21.e5 c4 22.Qg4 f5
23.Qxf5 dxe5 24.Kh1 Rb6 25.fxe5 Nxe5 26.Bxc4 g6 27.d6+  1-0

[Event "15th TCh-CRO"]
[Site "Sibenik CRO"]
[Date "2006.09.26"]
[Round "5"]
[White "Cebalo,M"]
[Black "Dizdar,G"]
[Result "1/2-1/2"]
[WhiteElo "2505"]
[BlackElo "2521"]

1.d4 e6 2.c4 Nf6 3.Nc3 Bb4 4.f3 O-O 5.a3 Bxc3+ 6.bxc3 Ne8 7.e4 b6 8.Bd3 Ba6
9.a4 Nc6 10.Ba3 d6 11.f4 Na5 12.Qe2 f5 13.e5 Qh4+ 14.g3 Qg4 15.Nf3 Bxc4 16.O-O Bd5
17.Rab1 c5 18.Nd2 Qxe2 19.Bxe2 cxd4 20.cxd4 Rf7 21.Rfc1 Rd8 22.Bf3 dxe5 23.Bxd5 exd5
24.dxe5 Rc7 25.Rxc7 Nxc7 26.Rc1 Ne6 27.Kf2 Kf7 28.Ke3 Rd7 29.Bb4 Nb7 30.Nb3 Rc7
31.Rxc7+ Nxc7 32.Nd4 g6 33.Nb5 Na6 34.Ba3 Na5 35.Kd4 Ke6  1/2-1/2

[Event "Galway Masters"]
[Site "Galway IRL"]
[Date "2006.09.30"]
[Round "2"]
[White "Moran,S"]
[Black "Hunt,H"]
[Result "0-1"]
[WhiteElo "1912"]
[BlackElo "2439"]

1.d4 Nf6 2.c4 e6 3.Nc3 Bb4 4.f3 d5 5.a3 Bxc3+ 6.bxc3 c5 7.cxd5 Nxd5 8.Qd3 Nc6
9.e4 Nde7 10.Be3 O-O 11.f4 Qa5 12.Kf2 f5 13.e5 Nd5 14.Bd2 cxd4 15.cxd4 Qa4
16.Nf3 Bd7 17.Be2 Na5 18.Rac1 Nb3 19.Rc4 Nxd2 20.Nxd2 Qa6 21.Qf3 Bb5 22.Rd1 Rad8
23.g3 Bxc4 24.Nxc4 Rc8 25.Nd6 Rc2 26.Qd3 Qxd3 27.Rxd3 Nc3 28.Re3 Nd1+  0-1

[Event "Bygger'n Masters"]
[Site "Gausdal NOR"]
[Date "2006.10.02"]
[Round "9"]
[White "Hillarp Persson,T"]
[Black "Rozentalis,E"]
[Result "1/2-1/2"]
[WhiteElo "2549"]
[BlackElo "2605"]

1.d4 Nf6 2.c4 e6 3.Nc3 Bb4 4.f3 d5 5.a3 Bxc3+ 6.bxc3 c5 7.cxd5 exd5 8.e3 Bf5
9.Ne2 O-O 10.g4 Bg6 11.Nf4 Nc6 12.h4 h5 13.g5 Ne8 14.Kf2 c4 15.a4 Ne7 16.Ba3 Nd6
17.Qc1 Qc7 18.Bxd6 Qxd6 19.Qa3 Qc7 20.Bh3 b6 21.a5 Rab8 22.axb6 axb6 23.Ra2 Rfd8
24.Qb4 Ra8 25.Ra3 Nc6 26.Qb2 Rab8 27.Qb5 Na7 28.Qb4 Nc6 29.Qb5 Na7 30.Qb4  1/2-1/2

[Event "15th TCh-CRO"]
[Site "Sibenik CRO"]
[Date "2006.10.02"]
[Round "11"]
[White "Cebalo,M"]
[Black "Kurajica,B"]
[Result "1-0"]
[WhiteElo "2505"]
[BlackElo "2562"]

1.d4 Nf6 2.c4 e6 3.Nc3 Bb4 4.f3 d5 5.a3 Bxc3+ 6.bxc3 c6 7.Qc2 Qa5 8.e3 O-O
9.Bd2 Nbd7 10.cxd5 cxd5 11.Bd3 Nb6 12.c4 Qa4 13.Qxa4 Nxa4 14.Rb1 dxc4 15.Bxc4 Nb6
16.Bd3 Re8 17.e4 e5 18.d5 Bd7 19.Ne2 Na4 20.Be3 b6 21.Kd2 Rec8 22.Ba6 Rc7
23.Rhc1 Ne8 24.Nc3 Nxc3 25.Rxc3 Rxc3 26.Kxc3 Nd6 27.Rc1 Kf8 28.Kb4 Ke8 29.g4 Kd8
30.a4 Bc8 31.Bd3 Bd7 32.a5 bxa5+ 33.Kxa5 Rb8 34.Rc3 Rb2 35.h4 f6 36.Bc1 Rb6
37.Ba6 Bb5 38.Bxb5 Nxb5 39.Rd3 Nd6 40.Ka4 Rb1 41.Ba3 Nc4 42.Rc3 Nxa3 43.Kxa3 h5
44.gxh5 Rh1 45.Kb4 Rxh4 46.Kc5 f5 47.Rb3 fxe4 48.Kd6 Kc8 49.fxe4 Rxh5 50.Ke7 g5
51.Rc3+ Kb7 52.d6 g4 53.d7 Rh7+ 54.Kd6 Rh6+ 55.Kxe5 Rh8 56.Kd6 Rh6+ 57.Kd5 Rh8
58.e5 g3 59.Kd6  1-0

[Event "14th Open Valle d'Aosta"]
[Site "Saint Vincent ITA"]
[Date "2006.10.04"]
[Round "5"]
[White "De Santis,A"]
[Black "Ortega,Le"]
[Result "1/2-1/2"]
[WhiteElo "2337"]
[BlackElo "2435"]

1.d4 Nf6 2.c4 e6 3.Nc3 Bb4 4.f3 O-O 5.e4 d5 6.e5 Nfd7 7.cxd5 exd5 8.a3 Bxc3+
9.bxc3 f6 10.exf6 Qxf6 11.h4 c5 12.Bd3 cxd4 13.cxd4 Nc5 14.Bg5 Nxd3+ 15.Qxd3 Bf5
16.Bxf6 Bxd3 17.Kd2 Bc4 18.Be5 Nc6 19.Nh3 b5 20.Rhe1 a5 21.Ng5 Rf5 22.Nh3 h6
23.f4 Rf7 24.h5 Raa7 25.g4 b4 26.Bd6 Nxd4 27.Re8+ Kh7 28.g5 g6 29.gxh6 Nb3+
30.Ke3 Nxa1 31.Ng5+ Kxh6 32.Rh8+ Rh7 33.Nxh7 Rxh7 34.Bf8+ Kxh5 35.Rxh7+ Kg4
36.axb4 axb4 37.Rg7 Kf5 38.Rf7+ Ke6 39.Re7+ Kf6 40.Rb7 Nc2+ 41.Kd2 b3 42.Bc5 Ke6
43.Re7+ Kf6 44.Rb7 Ke6 45.Re7+ Kf6  1/2-1/2

[Event "ECU Club Cup"]
[Site "Feugen AUT"]
[Date "2006.10.08"]
[Round "1"]
[White "Asgeirsson,H"]
[Black "Schwarz,Mic"]
[Result "0-1"]
[WhiteElo "2168"]
[BlackElo "2399"]

1.d4 Nf6 2.c4 e6 3.Nc3 Bb4 4.f3 c5 5.d5 d6 6.e4 Bxc3+ 7.bxc3 Nh5 8.Be3 e5
9.Qd2 g6 10.Bd3 f5 11.exf5 Bxf5 12.Bg5 Qd7 13.g4 Bxd3 14.Qxd3 Ng7 15.Ne2 O-O
16.Ng3 Ne8 17.h4 Qf7 18.Ke2 b5 19.h5 bxc4 20.Qe4 Nd7 21.Bh6 Ndf6 22.hxg6 hxg6
23.Qxc4 Nxd5 24.Kd2 Nf4 25.Qe4 Nf6 26.Qc2 Rfe8 27.Rag1 Rab8 28.Ke1 Rb2 29.Qd1 Qc4  0-1

[Event "Vasylyshyn Mem"]
[Site "Lviv UKR"]
[Date "2006.10.09"]
[Round "4"]
[White "Konovalov,N"]
[Black "Oleksienko,M"]
[Result "0-1"]
[WhiteElo "2443"]
[BlackElo "2530"]

1.d4 Nf6 2.c4 e6 3.Nc3 Bb4 4.f3 d5 5.a3 Be7 6.e4 dxe4 7.fxe4 e5 8.d5 O-O
9.Nf3 Ng4 10.Bd3 Bc5 11.Qe2 f5 12.h3 Nf2 13.Rf1 Nxd3+ 14.Qxd3 fxe4 15.Nxe4 Bf5
16.Bg5 Qe8 17.Nfd2 Bd4 18.O-O-O Nd7 19.Qe2 b5 20.cxb5 Rb8 21.g4 Bg6 22.Nb3 Rxf1
23.Rxf1 Nb6 24.Re1 Nxd5 25.a4 h6 26.Qc4 Kh8 27.Nxd4 Nb6 28.Qb4 exd4 29.Bd2 Qe5
30.Nc5 Qd5 31.b3 a5 32.bxa6 Nd7 33.Nb7 Ne5 34.Rxe5 Qxe5 35.Kb2 Kh7 36.Qc5 Qe4
37.Qxc7 Ra8 38.Qc4 Qb1+ 39.Ka3 Qa1+ 40.Kb4 Qb2 41.Qc1 Qa2 42.Nc5 Bf7 43.Bf4 Qg2
44.Ka5 Qd5 45.Qc2+ Bg6 46.Qc4 Qd8+ 47.Kb4 Qb6+ 48.Ka3 Qf6 49.Bd2 Rc8 50.b4 Qf2
51.Qc1 Qf3+ 52.Kb2 Re8 53.b5 Re2 54.b6 Qc6 55.b7 Qb6+ 56.Ka1 Rxd2 57.a7 Rc2
58.Qxc2 Bxc2 59.b8=Q Qxc5 60.Kb2 Be4 61.a8=Q Qc3+ 62.Ka2 Qc4+ 63.Ka3 Bxa8
64.Qxa8 d3 65.Qb7 Qc5+ 66.Ka2 Qc2+ 67.Qb2 Qxa4+ 68.Kb1 Qd1+ 69.Qc1 Qxc1+
70.Kxc1 Kg6 71.Kd2 Kg5 72.Kxd3 Kh4 73.Ke4 Kxh3 74.Kf5 g5  0-1